Faculty of Law Library — Cairo University

Official Online Catalog

Code Pénal : (Record no. 73970)

MARC details
000 -LEADER
fixed length control field 00986nam a2200301 i 4500
003 - CONTROL NUMBER IDENTIFIER
control field EG-GICUC
005 - DATE AND TIME OF LATEST TRANSACTION
control field 20260428194845.0
008 - FIXED-LENGTH DATA ELEMENTS--GENERAL INFORMATION
fixed length control field 260428s2006 fr d|||fr|||| 00| 0 fre d
020 ## - INTERNATIONAL STANDARD BOOK NUMBER
International Standard Book Number 2247062024
040 ## - CATALOGING SOURCE
Original cataloging agency EG-GiCUC
Language of cataloging fre
Transcribing agency EG-GiCUC
Modifying agency EG-GiCUC
Description conventions Rda
082 04 - DEWEY DECIMAL CLASSIFICATION NUMBER
Edition number 21
Classification number 343.3
Item number CO
092 04 - LOCALLY ASSIGNED DEWEY CALL NUMBER (OCLC)
Edition number 21
099 ## - LOCAL FREE-TEXT CALL NUMBER (OCLC)
Classification number Law1 10 343.3 CO 2006
245 10 - TITLE STATEMENT
Title Code Pénal :
Remainder of title Code De Procédure Pénale 2006.
250 ## - EDITION STATEMENT
Edition statement Cent Troisième Édition
Remainder of edition statement Annotations De Jurisprudence Et Bibliographie
264 #1 - PRODUCTION, PUBLICATION, DISTRIBUTION, MANUFACTURE, AND COPYRIGHT NOTICE
Place of production, publication, distribution, manufacture Paris :
Name of producer, publisher, distributor, manufacturer Dalloz,
Date of production, publication, distribution, manufacture, or copyright notice 2006.
264 #3 - PRODUCTION, PUBLICATION, DISTRIBUTION, MANUFACTURE, AND COPYRIGHT NOTICE
Name of producer, publisher, distributor, manufacturer La Tipografica Varese Società Per Azioni
300 ## - PHYSICAL DESCRIPTION
Extent 2565 page ;
Other physical details Charts;
Dimensions 24 cm.
336 ## - CONTENT TYPE
Source rda contenu
Content type term texte
337 ## - MEDIA TYPE
Source rda medias
Media type term Ordinateur
338 ## - CARRIER TYPE
Source transporteur rda
Carrier type term Ressource en ligne
650 1# - SUBJECT ADDED ENTRY--TOPICAL TERM
Topical term or geographic name entry element Droit De Procédure Pénale
Source of heading or term qrmak
650 1# - SUBJECT ADDED ENTRY--TOPICAL TERM
Topical term or geographic name entry element Droit De Pénal
Source of heading or term qrmak
651 1# - SUBJECT ADDED ENTRY--GEOGRAPHIC NAME
Source of heading or term qrmak
856 40 - ELECTRONIC LOCATION AND ACCESS
Uniform Resource Identifier <a href="https://fll.law.cu.edu.eg/fulltext/bks/B10-10277.pdf">https://fll.law.cu.edu.eg/fulltext/bks/B10-10277.pdf</a>
905 ## - Cataloger and Reviser Names
Cataloger Name: Yasmin Sayed
942 ## - ADDED ENTRY ELEMENTS (KOHA)
Source of classification or shelving scheme Dewey Decimal Classification
Koha item type Books
Edition 21
Suppress in OPAC No
Holdings
Withdrawn status Lost status Source of classification or shelving scheme Damaged status Not for loan Collection Home library Current library Date acquired Total checkouts Full call number Barcode Date last seen Copy number Price effective from Koha item type
    Dewey Decimal Classification   Not for loan القانون الجنائي جــــامعة القــاهرة مكتبة كلية الحقوق - المبنى الرئيسي 28.04.2026   Law1 10 343.3 CO 103 ed - 2006 1010277 C1 B10-10277 28.04.2026 1 28.04.2026 Books

© All rights reserved — Faculty of Law, Cairo University